Автоматизация бюджетирования на предприятии; Информационные технологии в науке, управлении, социальной сфере и медицине

書目詳細資料
Parent link:Информационные технологии в науке, управлении, социальной сфере и медицине.— 2015.— [С. 369-371]
主要作者: Шашков Д. А.
企業作者: Национальный исследовательский Томский политехнический университет (ТПУ) Институт социально-гуманитарных технологий (ИСГТ) Кафедра менеджмента (МЕН)
其他作者: Баннова К. А. Кристина Алексеевна
總結:Заглавие с титульного экрана
The reasons for setting up an automatic budgeting system at the enterprise are analyzed in this article. Moreover, the paper considers the methodologies of budgeting system construction and describes them in detail. The paper also emphasizes that there are plenty of different software on the market, which helps enterprises to conduct and control the company's budget. In the end of the article the conclusion that the own development of budgeting system is mainly available for large-sized enterprises and use of turnkey solutions is for small and medium-sized ones is made.
語言:俄语
出版: 2015
叢編:Информационные технологии в финансовой сфере и маркетинге. Информационные технологии в финансовой сфере
主題:
在線閱讀:http://earchive.tpu.ru/handle/11683/17162
http://www.lib.tpu.ru/fulltext/c/2015/C24/165.pdf
格式: 電子 Book Chapter
KOHA link:https://koha.lib.tpu.ru/cgi-bin/koha/opac-detail.pl?biblionumber=613897

MARC

LEADER 00000naa2a2200000 4500
001 613897
005 20260526105210.0
035 |a (RuTPU)RU\TPU\conf\12055 
035 |a RU\TPU\conf\12054 
090 |a 613897 
100 |a 20150903d2015 k y0rusy50 ca 
101 0 |a rus 
102 |a RU 
135 |a drcn ---uucaa 
181 0 |a i  
182 0 |a b 
200 1 |a Автоматизация бюджетирования на предприятии  |d Automation of budgeting at the enterprise  |f Д. А. Шашков, К. А. Баннова 
203 |a Текст  |c электронный 
225 1 |a Информационные технологии в финансовой сфере и маркетинге. Информационные технологии в финансовой сфере 
300 |a Заглавие с титульного экрана 
320 |a [Библиогр.: с. 371 (3 назв.)] 
330 |a The reasons for setting up an automatic budgeting system at the enterprise are analyzed in this article. Moreover, the paper considers the methodologies of budgeting system construction and describes them in detail. The paper also emphasizes that there are plenty of different software on the market, which helps enterprises to conduct and control the company's budget. In the end of the article the conclusion that the own development of budgeting system is mainly available for large-sized enterprises and use of turnkey solutions is for small and medium-sized ones is made. 
337 |a Adobe Reader 
463 1 |0 (RuTPU)RU\TPU\conf\11725  |t Информационные технологии в науке, управлении, социальной сфере и медицине  |o сборник научных трудов II Международной конференции, 19-22 мая 2015 г., Томск  |f Национальный исследовательский Томский политехнический университет (ТПУ) ; ред. кол. О. Г. Берестнева [и др.]  |v [С. 369-371]  |d 2015 
510 1 |a Automation of budgeting at the enterprise  |z eng 
610 1 |a труды учёных ТПУ 
610 1 |a электронный ресурс 
610 1 |a автоматизация 
610 1 |a бюджетирование 
610 1 |a предприятия 
610 1 |a бизнес-системы 
610 1 |a программное обеспечение 
700 1 |a Шашков  |b Д. А. 
701 1 |a Баннова  |b К. А.  |c экономист  |c ассистент кафедры Томского политехнического университета  |f 1987-  |g Кристина Алексеевна  |3 (RuTPU)RU\TPU\pers\32692 
712 0 2 |a Национальный исследовательский Томский политехнический университет (ТПУ)  |b Институт социально-гуманитарных технологий (ИСГТ)  |b Кафедра менеджмента (МЕН)  |3 (RuTPU)RU\TPU\col\18855 
801 2 |a RU  |b 63413507  |c 20210129  |g RCR 
856 4 |u http://earchive.tpu.ru/handle/11683/17162 
856 4 |u http://www.lib.tpu.ru/fulltext/c/2015/C24/165.pdf 
942 |c BK